Voice over ip technologies: building the converged network (Record no. 202533)

MARC details
000 -LEADER
fixed length control field 00481nam a2200169Ia 4500
008 - FIXED-LENGTH DATA ELEMENTS--GENERAL INFORMATION
fixed length control field 231221s9999 xx 000 0 und d
041 ## - LANGUAGE CODE
Language code of text/sound track or separate title English
082 ## - DEWEY DECIMAL CLASSIFICATION NUMBER
Classification number 004.62 MIL;
100 ## - MAIN ENTRY--PERSONAL NAME
Personal name Miller, Mark A P E
245 #0 - TITLE STATEMENT
Title Voice over ip technologies: building the converged network
250 ## - EDITION STATEMENT
Edition statement 1st ed.
260 ## - PUBLICATION, DISTRIBUTION, ETC.
Date of publication, distribution, etc. 2002
Name of publisher, distributor, etc. New Delhi : Wiley Dreamtech India,
300 ## - PHYSICAL DESCRIPTION
Extent xvi+528
300 ## - PHYSICAL DESCRIPTION
Dimensions 21928
650 ## - SUBJECT ADDED ENTRY--TOPICAL TERM
Topical term or geographic name entry element Voice,over,ip,technologies:,converged,network
942 ## - ADDED ENTRY ELEMENTS (KOHA)
Koha item type Compact Disks
Holdings
Date last seen Total checkouts Full call number Accession number Price effective from Category Lost status Damaged status Department Withdrawn status Home library Current library Entry date Vendor Grants Billnumber Billdate Currency symbol Conversion rate Discount Old discount
26/01/2024   004.62 MIL; CD762 26/01/2024 Compact Disks     Central Library   Central Library Central Library   Gangarams books bureu CS 27 31/08/2009 RS 1   10

© For any Suggestions or Query, please contact the library staff @ librarian@pes.edu or Phone: +9180 2672 1983/ 2108.